| 000 | 01247nam a22002415i 4500 | ||
|---|---|---|---|
| 001 | 160138 | ||
| 003 | ES-MaACL | ||
| 005 | 20250927133104.0 | ||
| 008 | 010521s1854 sp |||| | spa d | ||
| 040 |
_aCAM _bspa _cCAM |
||
| 100 | 1 |
_aMorán, Jerónimo. _9130229 |
|
| 245 | 1 | 3 |
_aEl tren de escala _b: zarzuela en un acto, en verso / _coriginal de Gerónimo Morán ; música de Martín Sanchez Allú. |
| 260 |
_aMadrid : _b[Círculo literario Comercial], _c1854 ( _fimprenta á cargo de C. González) |
||
| 300 |
_a32 p. ; _c21 cm. |
||
| 490 | 1 |
_aLa España Dramática: colección de obras representadas con aplauso en los teatros de la corte ; _v242 |
|
| 500 | _aEn port.: Estrenada en el teatro del Circo el 7 de mayo de 1854. | ||
| 500 | _aSolo la letra. | ||
| 596 | _aMención de editor y de serie constan en la cub. | ||
| 700 | 1 |
_aSánchez Allú, Martín, _d1828-1858 _9133004 |
|
| 830 | 0 | 3 |
_aLa España dramática: colección de obras representadas con aplauso en los teatros de la corte _v242 _9187776 |
| 852 |
_aES-MaACL _jF-8614(1) _z-- Enc. pasta española _q-- Falto de la cub. original _z-- Enc. en un vol. facticio formando parte de la col. facticia "Teatro español moderno", vol. 69 |
||
| 999 |
_c160138 _d160138 |
||